00269pab a2200121 454500008004000000100001700040245002600057260000900083300001000092362001200102650002200114773001100136180718b1987 xxu||||| |||| 00| 0 eng d aPuri, Balraj aReligion and politics c1987 a19-20 aMay Day aPunjab - Politics aJanata